• 首页
  • 本馆介绍
  • 公告通知
  • 最新文献
  • 馆藏检索
  • 电子资源
  • 读者导购
  • 参考咨询
  • 我的图书馆
  • 登录
  • 详细信息显示
  • 放入我的书架
  • 预约/预借图书
  • 作者相关作品
  • 分类相关作品
  • 丛书相关作品
  • 出版社相关作品

书目信息

  • 表格格式
  • 工作单格式
  • 卡片格式
题名:
微生态药物研究与应用
    
 
作者: 万阜昌 编著
分册:  
出版信息: 北京   化学工业出版社  2009.3
页数: 260页
开本: 24cm
丛书名:
单 册:
中图分类: R945
科图分类:
主题词: 微生物生态学--药物学 , 微生物生态学 , 药物学
电子资源:
ISBN: 978-7-122-04232-3
000 00910nam0 2200253 45
001 1356787609
005 20130514174100.29
010    @a978-7-122-04232-3@dCNY49.00
100    @a20130108d2009 em y0chiy50 ea
101 0  @achi
102    @aCN@b110000
105    @aa z 000yy
106    @ar
200 1  @a微生态药物研究与应用@AWei Sheng Tai Yao Wu Yan Jiu Yu Ying Yong@f万阜昌编著@FWan Fu Chang Bian Zhu
210    @a北京@c化学工业出版社@d2009.3
215    @a260页@c彩图@d24cm
330    @a本书主要介绍了微生态制剂的发展和研究,药理学和毒理学,以及微生态制剂(如双歧杆菌制剂、乳酸菌制剂、酪酸梭菌制剂等)在临床的应用等,涵盖内科、外科、妇科、儿科、皮肤科、口腔科、耳鼻咽喉科、肿瘤科等。
606 0  @a微生物生态学@x药物学
606 0  @a微生物生态学
606 0  @a药物学
690    @aR945@v5
701  0 @a万阜昌@AWan Fu Chang@4编著
801    @aCN@bTANGWEI@c20130108
905    @b0829346-50@dR945@e89@f5
    
    微生态药物研究与应用/万阜昌编著.-北京:化学工业出版社,2009.3
    260页:彩图;24cm
    
    
    ISBN 978-7-122-04232-3:CNY49.00
    本书主要介绍了微生态制剂的发展和研究,药理学和毒理学,以及微生态制剂(如双歧杆菌制剂、乳酸菌制剂、酪酸梭菌制剂等)在临床的应用等,涵盖内科、外科、妇科、儿科、皮肤科、口腔科、耳鼻咽喉科、肿瘤科等。
●
相关链接 在E读中查询图书 在五车中查询图书 在当当中查询图书 在豆瓣中查询图书


正题名:微生态药物研究与应用     索取号:R945/89         预约/预借

序号 登录号 条形码 馆藏地/架位号 状态 备注
1 0829346   208293461   第二样本阅览室/ [索取号:R945/89] 在馆    
2 0829347   208293470   第三借阅区/ [索取号:R945/89] 在馆    
3 0829348   208293489   第三借阅区/ [索取号:R945/89] 在馆    
4 0829349   208293498   教育系资料室/ [索取号:R945/89] 在馆    
5 0829350   208293504   教育系资料室/ [索取号:R945/89] 在馆    
唐山师范学院图书馆 欢迎您!
大连网信软件有限公司© 版权所有